| 000 | 00806nas a2200265 4500 | ||
|---|---|---|---|
| 001 | BR0203467 | ||
| 003 | BR-BrBNA | ||
| 005 | 20231205103110.0 | ||
| 007 | ta | ||
| 008 | 230509b bl.|||p| |||| 00| 00por d | ||
| 040 |
_aBR-BrBNA _bpor _cBiblioteca Nacional de Agricultura |
||
| 041 | _a(Pt) | ||
| 072 | _aL53; L70 | ||
| 100 | 1 | _aFonseca, C.S. | |
| 100 | 1 | _aViloria, M.I.V. | |
| 100 | 1 | _aRepetti, L. | |
| 245 | 1 | _aAlterações fetais induzidas pelo uso de antiinflamatórios durante a gestação | |
| 650 | _aPRENHEZ | ||
| 650 | _aEXPERIÊNCIA DE LABORATÓRIO | ||
| 650 | _aANTIINFLAMATÓRIO | ||
| 650 | _aVETERINÁRIA | ||
| 773 | 0 |
_tCiência Rural (Brazil) _xISSN 0103-8478 _g(May-Jun 2002), v. 32(3) p. 529-534 _wBR0203467 |
|
| 909 |
_a202311 _bLúcia _c55 _dLúcia Elande |
||
| 942 |
_2AGRIS _n0 _cANA |
||
| 999 |
_c171062 _d171062 |
||